Genetika populací

Bibliographic Details
Main Author: Relichová, Jiřina, 1945- (Author)
Format: Electronic eBook
Language:Czech
PhysicalDescription:1 online resource
Published: Brno Masaryk University Press 2015
ISBN:9788021077362
8021077360
Subjects:
Online Access:EBSCOhost

MARC

LEADER 00000cam a2200000Ia 4500
001 vtls010966262
003 SK-MaSNL
005 20260302051227.0
007 cr cnu|||unuuu
008 251104s2015 xr fob 001 0 cze
020 |a 9788021077362  |q electronic bk. 
020 |a 8021077360  |q electronic bk. 
020 |z 9788021047952 
035 |a (OCoLC)909368090 
035 |a (VRT)ocn909368090 
040 |a SNK  |b slo  |e rda  |e pn  |c SNK 
049 |a MAIN 
050 4 |a QH437 
072 7 |a SCI  |x 027000  |2 bisacsh 
080 |a 576.5  |2 23 
100 1 |a Relichová, Jiřina,  |d 1945-  |4 aut  |9 125310 
245 1 0 |a Genetika populací  |c Jiřina Relichová 
260 |a Brno  |b Masaryk University Press  |c 2015 
300 |a 1 online resource 
336 |a text  |b txt  |2 rdacontent 
337 |a computer  |b c  |2 rdamedia 
338 |a online resource  |b cr  |2 rdacarrier 
504 |a Includes bibliographical references and index 
588 0 |a Online resource; title from PDF title page (EBSCO, viewed May 26, 2015) 
650 0 7 |a Genetics  |v Popular works  |2 SNK  |9 706610 
650 0 7 |a SCIENCE / Life Sciences / Evolution  |2 bisacsh  |9 419262 
655 7 |a Electronic books  |2 SNK  |9 333512 
856 4 0 |3 EBSCOhost  |u http://search.ebscohost.com/login.aspx?direct=true&scope=site&db=nlebk&db=nlabk&AN=992717 
938 |a EBSCOhost  |b EBSC  |n 992717 
999 |c 1100413  |d 1102343 
952 |a SNK  |b SNK  |y NEVYP  |7 1  |o snkIEZ 255  |i snk2015/32006  |8 3  |g 23.20  |0 0  |1 0  |4 0  |d 2015-11-26  |l 0  |r 2026-02-24 17:28:20  |w 2026-02-24